| 000 | 00444nam a2200121Ia 4500 | ||
|---|---|---|---|
| 008 | 220615s9999||||xx |||||||||||||| ||und|| | ||
| 100 | _aMohammed Muzibur Rahman | ||
| 245 | 0 | _aRecent Advances in Ionic Liquids | |
| 546 | _aEnglish[eng] | ||
| 650 | _aEngineering||Physical Sciences||Engineering and Technology||Physical Chemistry||Chemical Engineering | ||
| 856 | _uhttps://www.intechopen.com/books/recent-advances-in-ionic-liquids | ||
| 942 | _cEB | ||
| 999 |
_c16645 _d16645 |
||